| 000 | 00943nam a22002295i 4500 | ||
|---|---|---|---|
| 001 | 156587 | ||
| 003 | ES-MaACL | ||
| 005 | 20230906210440.0 | ||
| 008 | 040803s1724 ie a |||| | eng d | ||
| 100 | 1 |
_aKennett, Basil. _967853 |
|
| 245 | 1 | 0 |
_aRomae antiquae notitia or The antiquities of Rome in two parts ... / _cby Basil Kennett. |
| 250 | _a7th ed. | ||
| 260 |
_aDublin : _bA. Rhames, for J. Hide and E. Dobson Booksellers, _c1724. |
||
| 300 |
_a[14], XXIV, 295, [1] en bl., [23] p., [13] h. de grab. ; _c8º. |
||
| 597 | _aSign.: A7, a2, B-Y8, Z2. | ||
| 597 | _aPort. a dos tintas enmarcada. | ||
| 599 | _aLas h. de grab. calc., la mayoría pleg., sobre costumbres, monumentos, monedas, etc. de Roma. | ||
| 651 |
_aRoma- _xUsos y costumbres. _99321 |
||
| 651 | 4 |
_aRoma- _xHistoria. _99312 |
|
| 740 | 4 | 2 | _aThe antiquities of Rome. |
| 852 |
_aES-MaACL _jR-369 _z- Enc. hol. _z- Legado de Modesto de la Fuente _x Olim: C-2240 |
||
| 999 |
_c156587 _d156587 |
||